Lyrics raten #20 - Statistiken

Allgemein
  • Dieses Quiz wurde 448 mal gespielt
  • Das Durchschnittsergebnis liegt bei 146 aus 475
Antwortstatistiken
Antwort % Korrekt
ich
95%
Ich
95%
du
91%
Du
91%
a
83%
er
82%
sie
80%
der
77%
der,
77%
Der
77%
das
76%
Das
76%
es
76%
die
71%
und
69%
Und
69%
ihr
64%
ist
63%
ist,
63%
wie
63%
bin,
58%
wer
57%
im
56%
ein
54%
in
54%
Lee
54%
Den
53%
den
53%
bist
52%
Was
50%
mein
49%
Dein
47%
ab,
46%
dich
45%
Nicht
45%
nicht
45%
an
43%
dir
43%
la
43%
‘ne
41%
zu
41%
dass
40%
wenn
39%
auf
38%
am
36%
deine
35%
sein
35%
man
34%
mit
31%
Denn
30%
Immer
29%
mach
27%
noch
25%
oder
25%
von
25%
weil
25%
Weil
25%
keine
23%
um
22%
aber
21%
hau
21%
kannst
21%
komm
21%
Komm
21%
wissen,
21%
Wissen,
21%
Babo
20%
Babo,
20%
nur
20%
vor
20%
zur
20%
Chabo,
19%
fick
19%
hier,
19%
auch
18%
Chabos
18%
Ferrari
18%
Lambo
18%
sitzt
18%
Abi
17%
Abi,
17%
Hafti
17%
los,
17%
jetzt
15%
Money
15%
Rich
15%
Mütter
14%
Mutter
14%
Ohne
14%
weisst,
14%
Bitch
13%
Bitch,
13%
Bruce
13%
ficke
13%
frag
13%
Hurensohn?
13%
Kopf
13%
wieder,
13%
Baby,
12%
dort
12%
mach’s
12%
Arabi
11%
Saudi
11%
sich
11%
geht
10%
Nase
10%
selbe
9%
Bahnhof
8%
bloss
8%
brech
8%
(Ey,
8%
Ey,
8%
ey,
8%
komme
8%
rein
8%
triffst,
8%
Attention,
7%
Bevor
7%
eure
7%
Frankfurt,
7%
gerade
7%
Luft
7%
Schwanz
7%
tot
7%
frei?
6%
ganz
6%
Nasen
6%
Nix
6%
Opfer,
6%
snifft
6%
beim
5%
Brudi
5%
danach
5%
fickt?
5%
frontal
5%
hinten,
5%
Honda,
5%
Kombat
5%
kriegst
5%
Mortal
5%
‘nem
5%
Pushkick
5%
Pussy,
5%
Haha)
4%
Harakets
4%
Hollywood,
4%
international
4%
Koks,
4%
Kung-Fu
4%
kurdi
4%
Kurdistan,
4%
link
4%
muck
4%
ran
4%
Strassenstar
4%
Tatort,
4%
Vollkontakt
4%
wisst
4%
W-W-Wissen,
4%
Babo-Art
3%
dabei
3%
durchlöcherten
3%
Haftbefehl
3%
Kampfstil
3%
Kinder
3%
liegst
3%
Magnum
3%
Magnum’s
3%
Rudi
3%
rum,
3%
Sagat
3%
schwarze
3%
sieht
3%
Tokat,
3%
Uzi’s
3%
Wimper
3%
zucken
3%
Amina
2%
Biji,
2%
biji
2%
Carlo,
2%
Farid
2%
Formula
2%
harte
2%
Loch
2%
Monte
2%
Motors
2%
Nutten
2%
oglum
2%
Ong-Bak,
2%
Porsches
2%
Rapper
2%
sakat
2%
Strassenmorde,
2%
Tagesordnung
2%
Touren
2%
Tunceli,
2%
uff
2%
Uno
2%
Vollgas,
2%
wichsen,
2%
Wing
2%
Yokuzuna-Sumo
2%
altmis
1%
Anklagebank
1%
befand
1%
Breivik
1%
City,
1%
Cock
1%
Collien
1%
deutsche
1%
Disco
1%
ducken
1%
Gangbang,
1%
Gerichtstermin,
1%
Glaspfandflaschen
1%
greif
1%
iki,
1%
Junkies
1%
Killershit
1%
kodugum,
1%
Muskeln,
1%
Patronen
1%
Pumpgun
1%
Punchs
1%
Rack
1%
Samstagen
1%
schiebt
1%
Schnecke
1%
spuck
1%
Stuhlgang
1%
trainier
1%
Transenchirurg
1%
Tsun
1%
Versorg
1%
Verteil
1%
Wandschrank
1%
Hanf
0%
Mr. T,
0%
zwar
0%
Keine übereinstimmenden Quizze gefunden
Verteilung der Resultate
Anzahl Personen mit jedem Resultat
Perzentil nach korrekt beantworteten Fragen
Ihre Resultats-Entwicklung
Sie haben dieses Quiz noch nicht gespielt